Analýza technologického rozvoja regiónov na Ukrajine
Skúmanie dôležitosti technologických štruktúr Ukrajiny a jej regiónov v EÚ. V priebehu rokov nezávislosti bol podiel priemyslu v štruktúre HDP Ukrajiny znížený takmer o 40% a tiež došlo k negatívnym zmenám v technologickej štruktúre ukrajinského priemyslu s prechodom z technologického režimu IV na I...
Na minha lista:
| Autor principal: | |
|---|---|
| Outros Autores: | |
| Formato: | Capítulo de Livro |
| Idioma: | ucraniano |
| Assuntos: | |
| Tags: |
Sem tags, seja o primeiro a adicionar uma tag!
|
MARC
| LEADER | 00000naa a2200000 4500 | ||
|---|---|---|---|
| 001 | 0249011 | ||
| 005 | 20191008102442.3 | ||
| 041 | 0 | |a ukr | |
| 044 | |a UA | ||
| 245 | 1 | 0 | |a Analýza technologického rozvoja regiónov na Ukrajine |c Oleksandra B. Vatchenko, Kostiantyn O. Svystun |
| 520 | |a Skúmanie dôležitosti technologických štruktúr Ukrajiny a jej regiónov v EÚ. V priebehu rokov nezávislosti bol podiel priemyslu v štruktúre HDP Ukrajiny znížený takmer o 40% a tiež došlo k negatívnym zmenám v technologickej štruktúre ukrajinského priemyslu s prechodom z technologického režimu IV na III. | ||
| 610 | 2 | 0 | |a rozvoj technický |
| 610 | 2 | 0 | |a rozvoj vedeckotechnický |
| 610 | 2 | 0 | |a inovácie technologické |
| 610 | 2 | 0 | |a technológie nové |
| 610 | 2 | 0 | |a konkurencieschopnosť |
| 610 | 2 | 0 | |a dane |
| 610 | 2 | 0 | |a dane z objemu miezd |
| 610 | 2 | 0 | |a dane z hodnoty pridanej |
| 610 | 2 | 0 | |a regióny |
| 610 | 2 | 0 | |a rozvoj regionálny |
| 610 | 2 | 0 | |a Ukrajina |
| 100 | 1 | |a Vatchenko, Oleksandra B. | |
| 700 | 1 | |a Svystun, Kostiantyn O. | |